Tu cerebro al descubierto (Record no. 4665)

MARC details
000 -CABECERA
campo de control de longitud fija 02182nam a2200253zi 4500
001 - NÚMERO DE CONTROL
campo de control 991061170976006706
005 - FECHA Y HORA DE LA ÚLTIMA TRANSACCIÓN
campo de control 20250514104624.0
008 - DATOS DE LONGITUD FIJA--INFORMACIÓN GENERAL
campo de control de longitud fija 240809s2024 sp aa |||| 0 spa|c
020 ## - NÚMERO INTERNACIONAL ESTÁNDAR DEL LIBRO
Número Internacional Estándar del Libro 9788441550308
040 ## - FUENTE DE LA CATALOGACIÓN
Centro catalogador/agencia de origen ES-BaCOP
Lengua de catalogación cat
Centro/agencia transcriptor ES-BaCOP
Normas de descripción rda
041 1# - CÓDIGO DE LENGUA
Código de lengua del texto/banda sonora o título independiente spa
041 1# - CÓDIGO DE LENGUA
Código de lengua original eng
050 ## - SIGNATURA TOPOGRÁFICA DE LA BIBLIOTECA DEL CONGRESO
Número de clasificación QP376
Número de documento/Ítem .D56 2019
100 ## - ENTRADA PRINCIPAL--NOMBRE DE PERSONA
Nombre de persona Dingman, Marc
Títulos y otros términos asociados al nombre Dr.
Término indicativo de función/relación author
9 (RLIN) 25240
240 10 - TÍTULO UNIFORME
Título uniforme Your brain, explained.
Lenguaje de la obra Spanish.
245 10 - MENCIÓN DE TÍTULO
Título Tu cerebro al descubierto
Resto del título : lo que la neurociencia nos revela sobre el cerebro y sus rarezas
Mención de responsabilidad, etc. / Dr. Marc Dingman.
260 ## - PUBLICACIÓN, DISTRIBUCIÓN, ETC.
Lugar de publicación, distribución, etc. Madrid :
Nombre del editor, distribuidor, etc. Oberon,
Fecha de publicación, distribución, etc. 2024.
300 ## - DESCRIPCIÓN FÍSICA
Extensión 254 pages :
Otras características físicas illustrations ;
Dimensiones 23 cm.
520 ## - SUMARIO, ETC.
Sumario, etc. Tu cerebro al descubierto te propone un viaje personal por el universo de tu materia gris. El neurocientífico Marc Dingman ofrece un curso intensivo sobre el funcionamiento del cerebro y explica las últimas investigaciones científicas orientadas a tratar de esclarecer las distintas funciones cerebrales y sus efectos sobre tu día a día.<br/><br/>Descubrirás al mismo tiempo que ocurre cuando el cerebro no funciona como debiera y los trastornos que esto provoca, como el insomnio, el TDAH, la depresión o las adicciones. Aprenderás lo que la neurociencia está haciendo para tratar de eliminar estos trastornos, además de proporcionarte las herramientas necesarias para que tú mismo puedas defenderte de los fallos de la mente.
520 ## - SUMARIO, ETC.
Sumario, etc. Your Brain, Uncovered invites you on a personal journey through the universe of your gray matter. Neuroscientist Marc Dingman offers an intensive course on how the brain works and explains the latest scientific research aimed at uncovering the various brain functions and their effects on your daily life.<br/><br/>At the same time, you’ll discover what happens when the brain doesn’t function as it should and the disorders this can cause—such as insomnia, ADHD, depression, or addictions. You’ll learn what neuroscience is doing to try to eliminate these conditions, while also gaining the tools you need to defend yourself against the mind’s failures.
650 #0 - PUNTO DE ACCESO ADICIONAL DE MATERIA--TÉRMINO DE MATERIA
Término de materia o nombre geográfico como elemento de entrada Brain
Subdivisión de forma Popular works
9 (RLIN) 11753
650 #0 - PUNTO DE ACCESO ADICIONAL DE MATERIA--TÉRMINO DE MATERIA
Término de materia o nombre geográfico como elemento de entrada Neurosciences
Subdivisión general Popular works
9 (RLIN) 11755
942 ## - ELEMENTOS DE ENTRADA AGREGADA (KOHA)
Fuente del sistema de clasificación o colocación Clasificación de Library of Congress
Holdings
Estado de retiro Estado de pérdida Fuente del sistema de clasificación o colocación Estado dañado No para préstamo Biblioteca de origen Biblioteca actual Fecha de adquisición Total de préstamos Signatura topográfica completa Código de barras Fecha visto por última vez Número de copia Precio válido a partir de Tipo de ítem Koha Nota pública
    Clasificación de Library of Congress     TBS Barcelona TBS Barcelona 14/05/2025   QP376 DIN B05812 14/05/2025 1 14/05/2025 Book WELL COLLECTION

Powered by Koha